000 00649nam a22002057a 4500
005 20251108173332.0
008 250721s2005 xx 000 0 ara d
020 _a995378003x
082 1 4 _aط/ق/صاب
100 1 _aصابر، مجدي
_eمؤلف
245 1 0 _aصديق النجوم /
264 1 _aبيروت :
_bدار الجيل + دار المختار،
_c2005.
300 _a63 ص. : مص.
490 0 _aمكتبة أجمل الحكايات
650 1 7 _aالقصص العربية
653 _aاطفال مرحله متوسطه (6-9) سنوات
700 1 _aغنطوس، سمير
_eCart.
942 _2ddc
_cBK
999 _c101539
_d101539